| 000 | 00395nam a22001457a 4500 | ||
|---|---|---|---|
| 020 | _a978-0201531749 | ||
| 040 | _cNust | ||
| 082 |
_a515.15 _bTHO |
||
| 100 |
_a George B. Thomas _9127582 |
||
| 245 | _aCalculus and Analytic Geometry | ||
| 250 | _a9th edition | ||
| 260 |
_aIslamabad: _bNational book foundation, _c2002. |
||
| 650 |
_aCalculus and Analytic Geometry _9103069 |
||
| 942 |
_2ddc _cBK |
||
| 999 |
_c612665 _d612665 |
||